American speech for foreign students
Zapisane w:
| 1. autor: | |
|---|---|
| Format: | Książka |
| Język: | Undetermined |
| Wydane: |
Illinois
Charles C. Thomas
1963
|
| Hasła przedmiotowe: | |
| Etykiety: |
Dodaj etykietę
Nie ma etykietki, Dołącz pierwszą etykiete!
|
| Thư viện lưu trữ: | Trung tâm Học liệu Trường Đại học Cần Thơ |
|---|
| LEADER | 00497nam a2200181Ia 4500 | ||
|---|---|---|---|
| 001 | CTU_745 | ||
| 008 | 210402s9999 xx 000 0 und d | ||
| 082 | |a 428 | ||
| 082 | |b B627 | ||
| 100 | |a John W Black | ||
| 245 | 0 | |a American speech for foreign students | |
| 245 | 0 | |c John W Black | |
| 260 | |a Illinois | ||
| 260 | |b Charles C. Thomas | ||
| 260 | |c 1963 | ||
| 650 | |a english language - study and teaching | ||
| 904 | |i Minh, 960806 | ||
| 980 | |a Trung tâm Học liệu Trường Đại học Cần Thơ | ||